Plaza de Cataluña
Descripción Física:
1 vol. ; il·lustracions b/n i alguna en color ; periodicitat: trimestral ; 33 cm
Idioma:
Español
MARC
| LEADER | 00000nas a2200000 a 4500 | ||
|---|---|---|---|
| 001 | 28162 | ||
| 003 | AGDB | ||
| 005 | 20260324180155.0 | ||
| 008 | 160829s9999 xx 000 0 cat d | ||
| 017 | |a B 1735-1961 | ||
| 022 | |a 0551-0740 | ||
| 040 | |a agdb |b cat | ||
| 041 | |a spa | ||
| 080 | |a Revistes | ||
| 245 | |a Plaza de Cataluña | ||
| 260 | |a Barcelona : |b Juan Vidal Salvó ; |c 1961-1974 | ||
| 300 | |a 1 vol. ; |b il·lustracions b/n i alguna en color ; periodicitat: trimestral ; |c 33 cm | ||
| 362 | |a Año 1, no. 1 (2 dic. 1961)-1974 | ||
| 500 | |a Descripció basada en: Año 5, no. 34 (dic. 1966). | ||
| 500 | |a El núm. 34 prové de J-1452. | ||
| 650 | |a Catalunya |x Revistes |9 48531 | ||
| 650 | |a Barcelona |x Revistes |9 48532 | ||
| 655 | 0 | |9 55823 |a Revistes | |
| 901 | |a Arxiu | ||
| 942 | |n 1 |2 udc |c REV | ||
| 952 | |0 0 |1 0 |2 udc |4 0 |6 REV2272 |7 1 |9 54629 |a Arxiu |b Arxiu |d 2023-08-08 |h Núm. 34 (desembre 1966) |o Rev-2272 |p 28162 |r 2016-12-01 00:00:00 |w 2016-12-01 |y ARXIU | ||
| 999 | |c 58498 |d 58498 | ||